| 000 | 00919nam a2200241 a 4500 | ||
|---|---|---|---|
| 001 | 39676 | ||
| 003 | BD-RjUL | ||
| 005 | 20211209053034.0 | ||
| 008 | 160416b2007 bg ||||| b||| 00| 0 ben d | ||
| 020 |
_a9847000000033 _c: TK. 300.00 |
||
| 035 | _a(BD-RjUL)39789 | ||
| 040 |
_aBD-RjUL _bben _cBD-RjUL |
||
| 041 | _aben | ||
| 082 |
_223 _a484.44 _bHAB 2007 |
||
| 100 |
_aহাবিব, রহমান _9120724 |
||
| 245 |
_aবিংশ শতাব্দীর বাংলাদেশের বুদ্ধিবৃওিক দশন / _cরহমান হাবিব |
||
| 260 |
_aঢাকা: _bজাতীয় সাহিত্য প্রকাশ, _c২০০৭ |
||
| 300 |
_a৩৮২ পৃ. ; _c২১ সেমি. |
||
| 504 | _a গ্রন্থপঞ্জি. | ||
| 650 |
_aIntellectual Life _9118021 |
||
| 650 |
_aবুদ্ধিবৃওিক জীবন _9122205 |
||
| 942 |
_2ddc _cBK |
||
| 999 |
_c39676 _d39676 |
||